| Tag |
First Indicator |
Second Indicator |
Subfields |
| LEADER |
00000cas a2200000 a 4500 |
| 001 |
in00000049895 |
| 005 |
20151007075858.0 |
| 008 |
770203 1964 enk y 0 engm |
| 010 |
|
|
|a 72626541
|
| 012 |
|
|
|a 3
|
| 022 |
|
|
|a 0078-7167
|
| 035 |
|
|
|a (OCoLC)02717592
|
| 035 |
|
|
|9 AAF3940AM
|
| 040 |
|
|
|a DLC
|c YUS
|d YUS
|d COO
|d FUG
|d DLC
|d TXA
|d UtOrBLW
|
| 042 |
|
|
|a lc
|
| 043 |
|
|
|a f------
|a aw-----
|a a------
|
| 049 |
|
|
|a TXAE
|
| 050 |
0 |
0 |
|a HF3872
|b P3
|
| 082 |
0 |
|
|a 380.1/025
|
| 245 |
0 |
0 |
|a Owen's commerce and travel and international register.
|
| 264 |
|
1 |
|a London :
|b Owen's Commerce & Travel,
|c 1964-1981.
|
| 300 |
|
|
|a 18 volumes :
|b illustrations ;
|c 26 cm.
|
| 310 |
|
|
|a Annual
|
| 336 |
|
|
|a text
|b txt
|2 rdacontent
|
| 337 |
|
|
|a unmediated
|b n
|2 rdamedia
|
| 338 |
|
|
|a volume
|b nc
|2 rdacarrier
|
| 362 |
0 |
|
|a 1964-1981.
|
| 500 |
|
|
|a "Africa, Middle East and Far East with international trade lists (Buyer's guide)," 1964-69.
|
| 525 |
|
|
|a Vols. for 1967- accompanied by commodity index in pocket.
|
| 651 |
|
0 |
|a Africa
|x Commerce
|x Periodicals.
|
| 651 |
|
0 |
|a Middle East
|x Commerce
|x Periodicals.
|
| 651 |
|
0 |
|a Asia
|x Commerce
|x Periodicals.
|
| 780 |
0 |
0 |
|t Owen's African and Middle East commerce & travel and international register
|w (OCoLC)2717666
|
| 785 |
0 |
0 |
|t Owen's trade directory & business travel guide
|
| 999 |
|
|
|a MARS
|
| 999 |
f |
f |
|s ec268514-318f-332d-8395-2a621cf889a5
|i eec525f0-5425-33cc-ac56-187a3fcd66e2
|t 0
|
| 952 |
f |
f |
|p storage
|a Texas A&M University
|b J.J. Pickle Campus
|c High Density Repository
|d Remote Storage
|t 0
|e HF3872 .P3
|h Library of Congress classification
|i unmediated -- volume
|k 1975
|m A14840731177
|
| 952 |
f |
f |
|p storage
|a Texas A&M University
|b J.J. Pickle Campus
|c High Density Repository
|d Remote Storage
|t 0
|e HF3872 .P3
|h Library of Congress classification
|i unmediated -- volume
|k 1972
|m A14840731622
|
| 952 |
f |
f |
|p storage
|a Texas A&M University
|b J.J. Pickle Campus
|c High Density Repository
|d Remote Storage
|t 0
|e HF3872 .P3
|h Library of Congress classification
|i unmediated -- volume
|k 1974
|m A14840731135
|
| 952 |
f |
f |
|p storage
|a Texas A&M University
|b J.J. Pickle Campus
|c High Density Repository
|d Remote Storage
|t 0
|e HF3872 .P3
|h Library of Congress classification
|i unmediated -- volume
|k 1977
|m A14840731258
|
| 952 |
f |
f |
|p storage
|a Texas A&M University
|b J.J. Pickle Campus
|c High Density Repository
|d Remote Storage
|t 0
|e HF3872 .P3
|h Library of Congress classification
|i unmediated -- volume
|k 1978
|m A14840731290
|
| 952 |
f |
f |
|p storage
|a Texas A&M University
|b J.J. Pickle Campus
|c High Density Repository
|d Remote Storage
|t 0
|e HF3872 .P3
|h Library of Congress classification
|i unmediated -- volume
|k 1971
|m A14840731583
|
| 952 |
f |
f |
|p storage
|a Texas A&M University
|b J.J. Pickle Campus
|c High Density Repository
|d Remote Storage
|t 0
|e HF3872 .P3
|h Library of Congress classification
|i unmediated -- volume
|k 1980
|m A14840731371
|
| 952 |
f |
f |
|p storage
|a Texas A&M University
|b J.J. Pickle Campus
|c High Density Repository
|d Remote Storage
|t 0
|e HF3872 .P3
|h Library of Congress classification
|i unmediated -- volume
|k 1973
|m A14840731664
|
| 952 |
f |
f |
|p storage
|a Texas A&M University
|b J.J. Pickle Campus
|c High Density Repository
|d Remote Storage
|t 0
|e HF3872 .P3
|h Library of Congress classification
|i unmediated -- volume
|k 1981
|m A14840731410
|
| 952 |
f |
f |
|p storage
|a Texas A&M University
|b J.J. Pickle Campus
|c High Density Repository
|d Remote Storage
|t 0
|e HF3872 .P3
|h Library of Congress classification
|i unmediated -- volume
|k 1970
|m A14840731541
|
| 952 |
f |
f |
|p storage
|a Texas A&M University
|b J.J. Pickle Campus
|c High Density Repository
|d Remote Storage
|t 0
|e HF3872 .P3
|h Library of Congress classification
|i unmediated -- volume
|k 1967
|m A14840731266
|
| 952 |
f |
f |
|p storage
|a Texas A&M University
|b J.J. Pickle Campus
|c High Density Repository
|d Remote Storage
|t 0
|e HF3872 .P3
|h Library of Congress classification
|i unmediated -- volume
|k 1966
|m A14840731096
|
| 952 |
f |
f |
|p storage
|a Texas A&M University
|b J.J. Pickle Campus
|c High Density Repository
|d Remote Storage
|t 0
|e HF3872 .P3
|h Library of Congress classification
|i unmediated -- volume
|k 1979
|m A14840731339
|
| 952 |
f |
f |
|p storage
|a Texas A&M University
|b J.J. Pickle Campus
|c High Density Repository
|d Remote Storage
|t 0
|e HF3872 .P3
|h Library of Congress classification
|i unmediated -- volume
|k 1968
|m A14840731305
|
| 952 |
f |
f |
|p storage
|a Texas A&M University
|b J.J. Pickle Campus
|c High Density Repository
|d Remote Storage
|t 0
|e HF3872 .P3
|h Library of Congress classification
|i unmediated -- volume
|k 1965
|m A14840731460
|
| 952 |
f |
f |
|p storage
|a Texas A&M University
|b J.J. Pickle Campus
|c High Density Repository
|d Remote Storage
|t 0
|e HF3872 .P3
|h Library of Congress classification
|i unmediated -- volume
|k 1964
|m A14805915794
|
| 952 |
f |
f |
|p storage
|a Texas A&M University
|b J.J. Pickle Campus
|c High Density Repository
|d Remote Storage
|t 0
|e HF3872 .P3
|h Library of Congress classification
|i unmediated -- volume
|k 1976
|m A14840731216
|
| 952 |
f |
f |
|p storage
|a Texas A&M University
|b J.J. Pickle Campus
|c High Density Repository
|d Remote Storage
|t 0
|e HF3872 .P3
|h Library of Congress classification
|i unmediated -- volume
|k 1969
|m A14840731347
|
| 998 |
f |
f |
|a HF3872 .P3
|s 1964-1981
|t 0
|l Remote Storage
|